Normal view
MARC view
- Rene Thom
Entry Personal Name
001 - CONTROL NUMBER
- control field: 20370
003 - CONTROL NUMBER IDENTIFIER
- control field: NUST
005 - DATE AND TIME OF LATEST TRANSACTION
- control field: 20190913055142.0
008 - FIXED-LENGTH DATA ELEMENTS
- fixed length control field: 190913|| aca||aabn | a|a d
040 ## - CATALOGING SOURCE
- Original cataloging agency: NUST
- Transcribing agency: NUST
100 ## - HEADING--PERSONAL NAME
- Personal name: Rene Thom
670 ## - SOURCE DATA FOUND
- Source citation: Work cat.: (NUST): Rene Thom, Structural Stability and Morphogenesis An Outline Of A General Theory of Models , 1975
